=LDR 00000nam 2200000 4500 =001 000360 =005 20250710025404 =035 ##$$a 0010-0725000217 =007 ta =008 250710################a##########0#ind## =020 ##$$a 978-623-118-869-4 =082 ##$$a 398.209 598 =084 ##$$a 398.209 598 KHO s =100 #$$a Khoiriyah, Nur =245 1#$$a Semua (tidak) Berubah /$c Nur Khoiriyah =250 ##$$a cetakan pertama =260 ##$$a Jakarta :$b Badan pengembangan dan pembinaan bahasa,$c 2023 =300 ##$$a 36 hlm. : $b ilus. ; $c 29,7 cm$e 398.209 598 =650 #4$$a Cerita Anak-Indonesia =856 ##$$a TBM As Suhada =990 ##$$a TBM00770077